[Event "LTU-chT"]
[Site "Vilnius"]
[Date "2013.01.20"]
[Round "2.5"]
[White "Juknis, Paulius"]
[Black "Zilvinskas, Aivaras"]
[Result "1/2-1/2"]
[WhiteElo "2135"]
[BlackElo "2127"]
[PlyCount "62"]
[EventDate "2013.01.19"]
[EventType "team-swiss"]
[EventRounds "7"]
[EventCountry "LTU"]
[SourceTitle "CBM 152 Extra"]
[Source "ChessBase"]
[SourceDate "2013.02.25"]
[SourceVersion "1"]
[SourceVersionDate "2013.02.25"]
[SourceQuality "1"]
[WhiteTeam "Kaunas Milsa"]
[BlackTeam "Klaipeda Bokstas"]
[WhiteTeamCountry "LTU"]
[BlackTeamCountry "LTU"]

1. e4 d6 2. d4 Nf6 3. Nc3 Nbd7 4. Nf3 e5 5. Bc4 Be7 6. Ng5 0-0 7. Bxf7+ Rxf7 8. Ne6 Qe8 9. Nxc7 Qd8 10. Nxa8 b6 11. Be3 Ba6 12. dxe5 dxe5 13. Nxb6 axb6 14. f3 Bb4 15. Qd2 Nxe4 16. fxe4 Qh4+ 17. Bf2 Qg4 18. Rg1 Nc5 19. h3 Bxc3 20. hxg4 Bxd2+ 21. Kxd2 Rxf2+ 22. Kc1 Nxe4 23. a4 Ng3 24. Kb1 Ne2 25. Rd1 Nd4 26. Ra3 Bb7 27. Re3 Rxg2 28. Rxe5 Rxg4 29. c3 Be4+ 30. Rxe4 Rxe4 31. cxd4 Kf7 1/2-1/2